LEADER 01256nam a2200301 a 4500 001 000000123707 003 CaOOAMICUS 005 20101111124139.0 008 101111t2010 vc u000 u ita r 020 $a978-88-465-0723-5 040 $aPUL$bita 082 04$a233.05 100 1 $aSalerno, Franca.$0(OLS)http://pul/name/77960 245 13$aIl rosario itinerario di salvezza :$bpagine di fede e poesia /$cFranca Salerno. 260 $aCittą del Vaticano :$bLateran University Press,$c©2010. 300 $a171 p. ;$c19 cm. 490 1 $aMane nobiscum ;$v21 504 $aBibliografia p. 167-168. 650 14$aRosario.$0(OLS)http://pul/subject/21140 830 0$aMane nobiscum ;$v21.$0(OLS)http://pul/title/119124 850 $aPUL 852 $aPUL$W1$xSL Religione 3$y85$m233. 05 COLL 1.21$j142457$qDDC 21$B141413$CPULBib$Z2$F141413 $H115155 $82 941 1 $a9 996 $6020$a978-88-465-0723-5$9(OLS)http://pul/number/145875 996 $6082$a233.05$9(OLS)http://pul/classification/728 996 $6245$aIl rosario itinerario di salvezza :$bpagine di fede e poesia$9(OLS)http://pul/title/155919 996 $6260$aCittą del Vaticano :$bLateran University Press$9(OLS)http://pul/publisher/74585 LEADER 01440nam a2200325 a 4500 001 000000156812 003 CaOOAMICUS 005 20161128175930.0 008 161128s2012 it u000 u ita r 020 $a978-88-07-72324-7* 032 $aLibriCat 040 $aPUL$bita 082 14$a576.82 100 1 $aPiattelli Palmarini, Massimo.$0(OLS)http://pul/name/78681 245 14$aGli errori di Darwin / $cMassimo Piattelli Palmarini, Jerry Fodor ; traduzione di Virginio B. Sala ; supervisione scientifica di Massimo Piattelli Palmarini . 260 $aMilano :$bFeltrinelli,$c2012. 300 $a263 p. ;$c20 cm. 490 1 $aUniversale economica. Saggi ;$v2324 504 $aInclude riferimenti bibliografici. 600 14$aDarwin, Charles,$d1809-1882.$0(OLS)http://pul/subject/23853 650 4$aEvoluzione (biologia).$0(OLS)http://pul/subject/29038 830 0$aUniversale economica.$pSaggi ;$v2324.$0(OLS)http://pul/title/159380 850 $aPUL 852 $aPUL$W1$xSL Cons. Gen., Altre Classi 3$y75$m576. 82 PIAMA 1$j180095$qDDC 21$B183218$CPULBib$Z2$F183218 $H128402 $81 941 1 $a9 996 $6020$a978-88-07-72324-7*$9(OLS)http://pul/number/161541 996 $6082$a576.82$9(OLS)http://pul/classification/3000 996 $6245$aGli errori di Darwin / $9(OLS)http://pul/title/196414 996 $6260$aMilano :$bFeltrinelli$9(OLS)http://pul/publisher/48846